[Event "RA Active ch"]
[Site "Ottawa CAN"]
[Date "2004.12.09"]
[Round "2"]
[White "Pacey, Kevin"]
[Black "Bunning, Les"]
[Result "0-1"]
[WhiteElo "2213"]
[BlackElo "1828"]
[PlyCount "78"]
[GameId "2160767911031883"]
[EventDate "2004.12.09"]
[EventType "swiss"]
[EventRounds "6"]
[EventCountry "CAN"]

1. e4 c5 2. Nf3 d6 3. d4 cxd4 4. Nxd4 Nf6 5. Nc3 g6 6. Be3 Bg7 7. f3 O-O 8. Qd2 Nc6 9. Bc4 a6 10. O-O-O Ne5 11. Bb3 b5 12. h4 h5 13. Bh6 Nc4 14. Bxc4 bxc4 15. Bxg7 Kxg7 16. e5 dxe5 17. Nde2 Qb6 18. Kb1 Rb8 19. Qc1 a5 20. Ka1 Be6 21. Ng3 Rfd8 22. Nge4 Nxe4 23. Nxe4 Bf5 24. Rde1 a4 25. Nc3 a3 26. bxa3 Qa5 27. Re3 f6 28. Rg1 Rd4 29. g3 Rbd8 30. Nb1 Qb6 31. Ree1 Qd6 32. Qb2 c3 33. Nxc3 Rd2 34. Ne4 Bxe4 35. fxe4 Ra8 36. Rc1 Rxa3 37. g4 hxg4 38. Rxg4 Re3 39. Rcg1 Rd1+ 0-1

[Event "RA Active ch"]
[Site "Ottawa CAN"]
[Date "2004.12.16"]
[Round "3"]
[White "Abt, Michael"]
[Black "Pacey, Kevin"]
[Result "0-1"]
[WhiteElo "1688"]
[BlackElo "2213"]
[PlyCount "86"]
[GameId "2160767911031884"]
[EventDate "2004.12.09"]
[EventType "swiss"]
[EventRounds "6"]
[EventCountry "CAN"]

1. e4 c6 2. d4 d5 3. e5 Bf5 4. Bd3 Bxd3 5. Qxd3 e6 6. Nf3 Nd7 7. Ng5 h6 8. Nf3 c5 9. c3 Ne7 10. O-O Nc6 11. Be3 Qb6 12. b3 cxd4 13. cxd4 Rc8 14. a3 Qa6 15. Qxa6 bxa6 16. b4 Nb6 17. Nbd2 a5 18. b5 Ne7 19. Nb3 Nc4 20. Bf4 a4 21. Nc5 Ng6 22. Bg3 Bxc5 23. dxc5 Rxc5 24. Rfb1 Kd7 25. Rb4 Nb6 26. Nd4 Rhc8 27. Nc6 a6 28. h3 Rxb5 29. Na7 Rxb4 30. Nxc8 Rb3 31. Nd6 f5 32. exf6 gxf6 33. Nb7 Rc3 34. Na5 e5 35. f3 d4 36. Be1 Rc2 37. Bb4 Nf4 38. Nb7 Kc6 39. Nd8+ Kd5 40. Rb1 Rxg2+ 41. Kf1 Nc4 42. Rc1 Ne3+ 43. Ke1 Nd3# 0-1

[Event "RA Active ch"]
[Site "Ottawa CAN"]
[Date "2004.12.16"]
[Round "4"]
[White "Pacey, Kevin"]
[Black "Solki, Shahin"]
[Result "1/2-1/2"]
[WhiteElo "2213"]
[BlackElo "1799"]
[PlyCount "137"]
[GameId "2160767911031885"]
[EventDate "2004.12.09"]
[EventType "swiss"]
[EventRounds "6"]
[EventCountry "CAN"]

1. e4 d6 2. d4 f5 3. Nc3 fxe4 4. Nxe4 e6 5. Bd3 Nc6 6. Ng5 Nf6 7. Nxh7 Nxh7 8. Qh5+ Kd7 9. Bxh7 Nxd4 10. Bg5 Rxh7 11. Qg6 Qxg5 12. Qxg5 Nxc2+ 13. Kd1 Nxa1 14. Kc1 Be7 15. Qg6 Rh4 16. Ne2 Bf6 17. Nc3 b6 18. Kb1 Nb3 19. axb3 Bb7 20. f3 Rah8 21. Re1 Rxh2 22. Qf7+ Kc8 23. Rxe6 Rxg2 24. Rxf6 gxf6 25. Nb5 Rg1+ 26. Ka2 Rc1 27. Qxf6 Re8 28. Qf7 Rh8 29. f4 a6 30. Nc3 Bc6 31. b4 Kb7 32. f5 Rh2 33. Nd5 Bb5 34. Ne3 Re2 35. Qd5+ Ka7 36. Qd4 Rce1 37. Qc3 Kb7 38. Nd5 Bc6 39. Nf4 Re4 40. Qd2 Rf1 41. Ne6 Kb8 42. Qc2 Rxf5 43. Nd4 Bd5+ 44. b3 Rff4 45. Nc6+ Bxc6 46. Qxc6 Rxb4 47. Qd5 Rf8 48. Ka3 Rb5 49. Qd3 Kb7 50. b4 a5 51. Qxb5 axb4+ 52. Qxb4 Ra8+ 53. Kb2 Ra5 54. Qe4+ d5 55. Qd4 Rc5 56. Kb3 Kc6 57. Qf6+ Kb5 58. Qd8 c6 59. Qf8 Rc4 60. Qf1 Kc5 61. Qf2+ Kb5 62. Qf1 Kc5 63. Qe1 Re4 64. Qc1+ Rc4 65. Qe3+ Kb5 66. Qd3 Kc5 67. Qe3+ Kb5 68. Qd3 Kc5 69. Qe3+ 1/2-1/2

[Event "RA Active ch"]
[Site "Ottawa CAN"]
[Date "2004.12.23"]
[Round "5"]
[White "Pacey, Kevin"]
[Black "Mai, Lloyd"]
[Result "1-0"]
[WhiteElo "2213"]
[BlackElo "1814"]
[PlyCount "137"]
[GameId "2160767911031886"]
[EventDate "2004.12.09"]
[EventType "swiss"]
[EventRounds "6"]
[EventCountry "CAN"]

1. e4 c5 2. Nf3 d6 3. d4 cxd4 4. Nxd4 Nf6 5. Nc3 Nc6 6. Bg5 a6 7. Bxf6 gxf6 8. Qd2 Nxd4 9. Qxd4 Bg7 10. Be2 O-O 11. Qd3 Qa5 12. g4 Bd7 13. O-O Rac8 14. Nd5 Rfe8 15. Ne3 Bh6 16. c4 Qe5 17. Nd5 Bf4 18. Qf3 Bxh2+ 19. Kg2 Kh8 20. Qh3 Rg8 21. f3 Bf4 22. Rad1 Rg7 23. Rh1 Kg8 24. Nxf4 Qxf4 25. Qh6 Qe5 26. Rd2 f5 27. Rh5 Qe6 28. exf5 Qxh6 29. Rxh6 Bxf5 30. Kf2 Be6 31. b3 Rc5 32. Bd3 f6 33. Be4 b6 34. Re2 d5 35. Bxh7+ Kf7 36. cxd5 Bxd5 37. Be4 Bxe4 38. Rxe4 Rc2+ 39. Re2 Rxe2+ 40. Kxe2 Ke6 41. Rh8 Kd5 42. Ke3 Rg5 43. Rh5 e5 44. Rh6 Ke6 45. Rh7 Kd6 46. Rf7 Ke6 47. Ra7 a5 48. Ra6 f5 49. Rxb6+ Kd7 50. gxf5 Rxf5 51. Ra6 a4 52. Rxa4 Kc6 53. Ra5 Kd6 54. a3 Rf4 55. b4 Rc4 56. Ra6+ Kd5 57. b5 Rc3+ 58. Kf2 e4 59. fxe4+ Kxe4 60. a4 Kd5 61. Ke2 Rc4 62. Kd3 Rd4+ 63. Kc3 Rc4+ 64. Kb3 Rc1 65. Kb4 Rc4+ 66. Ka5 Rc8 67. Kb6 Kd6 68. Kb7+ Kd7 69. Rd6+ 1-0

[Event "RA Active ch"]
[Site "Ottawa CAN"]
[Date "2004.12.23"]
[Round "6"]
[White "Sadeghi, Saeid"]
[Black "Pacey, Kevin"]
[Result "0-1"]
[WhiteElo "1860"]
[BlackElo "2213"]
[PlyCount "47"]
[GameId "2160767911031887"]
[EventDate "2004.12.09"]
[EventType "swiss"]
[EventRounds "6"]
[EventCountry "CAN"]

1. d4 Nf6 2. c4 c5 3. d5 e6 4. Nc3 exd5 5. cxd5 d6 6. e4 g6 7. f4 Bg7 8. Bb5+ Nfd7 9. a4 Qh4+ 10. g3 Qe7 11. Nf3 O-O 12. O-O a6 13. Bd3 Re8 14. Ng5 Nf6 15. Bd2 h6 16. Nf3 Bg4 17. Qc2 c4 18. Bxc4 Nxe4 19. Nxe4 Qxe4 20. Bd3 Qxd5 21. Bc4 Qc5+ 22. Rf2 Bxf3 23. Kf1 Bd5 24. b3 0-1

[Event "RA April Active"]
[Site "Ottawa CAN"]
[Date "2004.04.15"]
[Round "1"]
[White "Pacey, Kevin"]
[Black "Hauus, J."]
[Result "1-0"]
[WhiteElo "2223"]
[BlackElo "1613"]
[PlyCount "65"]
[GameId "2160767911166713"]
[EventDate "2004.04.15"]
[EventType "swiss (rapid)"]
[EventRounds "3"]
[EventCountry "CAN"]

1. e4 c6 2. d4 d5 3. exd5 cxd5 4. c4 Nf6 5. Nc3 e6 6. Nf3 Be7 7. Be2 dxc4 8. Bxc4 O-O 9. O-O b6 10. Re1 Bb7 11. Ne5 Nd5 12. Qg4 Nd7 13. Bh6 Bf6 14. Bxd5 exd5 15. Nxd7 Bc8 16. Nxd5 Bxd7 17. Nxf6+ Qxf6 18. Qxd7 Qxh6 19. Rad1 Rfd8 20. Qe7 Qc6 21. d5 Qd6 22. Qxd6 Rxd6 23. Re7 Kf8 24. Rb7 a5 25. g3 Re8 26. Rd3 Re7 27. Rb8+ Re8 28. Rxe8+ Kxe8 29. Kg2 f5 30. Kf3 Ke7 31. Ke3 Kf6 32. Kd4 g5 33. Rc3 1-0

[Event "RA April Active"]
[Site "Ottawa CAN"]
[Date "2004.04.15"]
[Round "2"]
[White "Kuryliw, Ray"]
[Black "Pacey, Kevin"]
[Result "0-1"]
[WhiteElo "1831"]
[BlackElo "2223"]
[PlyCount "62"]
[GameId "2160767911166714"]
[EventDate "2004.04.15"]
[EventType "swiss (rapid)"]
[EventRounds "3"]
[EventCountry "CAN"]

1. e4 Nc6 2. d4 e5 3. d5 Nce7 4. c4 Ng6 5. Nc3 Bc5 6. Be3 d6 7. Bxc5 dxc5 8. g3 Nf6 9. Bg2 O-O 10. Nge2 Ne8 11. Qd2 Nd6 12. b3 f5 13. f4 exf4 14. gxf4 Qh4+ 15. Kd1 fxe4 16. Bxe4 Nxf4 17. Ng3 Bh3 18. Rg1 Rae8 19. Qc2 Qf6 20. Re1 Qd4+ 21. Qd2 Bg4+ 22. Kc2 Nxe4 23. Rxe4 Rxe4 24. Ngxe4 Ne2 25. Qxd4 Nxd4+ 26. Kb2 b6 27. Rg1 Rf4 28. Rg2 Bf3 29. Rf2 Rxe4 30. Rxf3 Nxf3 31. Nxe4 Nxh2 0-1

[Event "RA April Active"]
[Site "Ottawa CAN"]
[Date "2004.04.22"]
[Round "3"]
[White "Pacey, Kevin"]
[Black "De Kerpel, Stijn"]
[Result "1-0"]
[WhiteElo "2223"]
[BlackElo "2006"]
[PlyCount "81"]
[GameId "2160767911166715"]
[EventDate "2004.04.15"]
[EventType "swiss (rapid)"]
[EventRounds "3"]
[EventCountry "CAN"]

1. Nf3 d5 2. b3 Bg4 3. Bb2 Nf6 4. e3 e6 5. Be2 Nbd7 6. O-O Be7 7. c4 c6 8. Nc3 O-O 9. Nd4 Bxe2 10. Qxe2 a6 11. cxd5 cxd5 12. Rfc1 Rc8 13. a3 Bd6 14. g3 e5 15. Nf5 Nc5 16. Qd1 Nd3 17. Rcb1 Bb8 18. Ne2 Qd7 19. Nh4 Qh3 20. Qf1 Qxf1+ 21. Kxf1 Ne4 22. Bc3 Nexf2 23. Nc1 Nxc1 24. Rxc1 Nd3 25. Rd1 Rc6 26. Ke2 Nc5 27. Bb4 Rfc8 28. Rab1 g6 29. Nf3 Ne6 30. Bc3 f6 31. Rf1 Rd8 32. Ba5 b6 33. Bb4 Bd6 34. Rfc1 Nc5 35. d4 exd4 36. exd4 Re8+ 37. Kf1 Re3 38. Ne1 Re4 39. dxc5 bxc5 40. Bd2 Rc7 41. Ng2 1-0

[Event "RA Fall op"]
[Site "Ottawa CAN"]
[Date "2004.09.25"]
[Round "1"]
[White "Jia, Derek"]
[Black "Pacey, Kevin"]
[Result "0-1"]
[WhiteElo "1896"]
[BlackElo "2219"]
[PlyCount "104"]
[GameId "2160767911061127"]
[EventDate "2004.09.25"]
[EventType "swiss"]
[EventRounds "5"]
[EventCountry "CAN"]

1. e4 d6 2. d4 Nf6 3. Nc3 g6 4. Be3 c6 5. h3 b5 6. Bd3 Nbd7 7. Nf3 Qc7 8. Qd2 Bg7 9. Ne2 a6 10. Ng3 h5 11. O-O c5 12. c3 e5 13. d5 h4 14. Ne2 c4 15. Bc2 Nc5 16. Ng5 Bh6 17. f3 Nh5 18. Kh2 Qe7 19. Rad1 Nf4 20. Nxf4 Qxg5 21. Qf2 Nd7 22. Ne6 Qxe3 23. Nc7+ Kd8 24. Nxa8 Qxf2 25. Rxf2 Bf4+ 26. Kh1 Bb7 27. a4 Bxa8 28. axb5 axb5 29. Ra1 Kc7 30. Ra7+ Bb7 31. Rf1 Ra8 32. Rfa1 Rxa7 33. Rxa7 Nc5 34. Ra1 Kb6 35. Kg1 Na6 36. Kf2 Bc8 37. Ke2 Bd7 38. Rd1 b4 39. Ra1 b3 40. Bd1 Nc5 41. Kf1 Nd3 42. Rb1 Bb5 43. Be2 Nc1 44. Ke1 Na2 45. Kf1 Kc5 46. Kf2 Bc1 47. Ke1 Bxb2 48. Rxb2 Nxc3 49. Bd1 Kb4 50. Rf2 g5 51. Rd2 Nxd1 52. Rxd1 c3 0-1

[Event "RA Fall op"]
[Site "Ottawa CAN"]
[Date "2004.09.25"]
[Round "2"]
[White "Pacey, Kevin"]
[Black "Yuan, Michael"]
[Result "1/2-1/2"]
[WhiteElo "2219"]
[BlackElo "2053"]
[PlyCount "27"]
[GameId "2160767911061128"]
[EventDate "2004.09.25"]
[EventType "swiss"]
[EventRounds "5"]
[EventCountry "CAN"]

1. d4 Nf6 2. c4 e6 3. Nf3 Bb4+ 4. Bd2 Qe7 5. g3 b6 6. Bg2 Bb7 7. O-O Bxd2 8. Nbxd2 O-O 9. Qc2 d6 10. b4 Nbd7 11. Nh4 Bxg2 12. Nxg2 c5 13. dxc5 dxc5 14. b5 1/2-1/2

[Event "RA Fall op"]
[Site "Ottawa CAN"]
[Date "2004.09.25"]
[Round "3"]
[White "De Kerpel, Stijn"]
[Black "Pacey, Kevin"]
[Result "0-1"]
[WhiteElo "2149"]
[BlackElo "2219"]
[PlyCount "90"]
[GameId "2160767911069321"]
[EventDate "2004.09.25"]
[EventType "swiss"]
[EventRounds "5"]
[EventCountry "CAN"]

1. e4 d6 2. d4 Nf6 3. Nc3 g6 4. Be3 c6 5. Qd2 b5 6. f3 Nbd7 7. O-O-O Nb6 8. Bh6 b4 9. Nb1 Bxh6 10. Qxh6 Qc7 11. Nd2 a5 12. Kb1 Bb7 13. Nh3 O-O-O 14. Be2 c5 15. dxc5 dxc5 16. Ng5 Rdf8 17. Nc4 Nxc4 18. Bxc4 e6 19. Rd2 Qe7 20. h4 Rfg8 21. Nh3 Nd7 22. Qg5 Qxg5 23. Nxg5 Ne5 24. Be2 h6 25. Nh3 g5 26. hxg5 hxg5 27. Nf2 Rxh1+ 28. Nxh1 Rh8 29. Nf2 Rh2 30. Bf1 Kc7 31. b3 c4 32. bxc4 Ba6 33. Ng4 Nxg4 34. fxg4 Rh1 35. Rd1 Bxc4 36. Be2 Rxd1+ 37. Bxd1 Kd6 38. Kb2 Ke5 39. Bf3 Kd4 40. a3 e5 41. axb4 axb4 42. Kc1 Kc3 43. Kd1 Bb5 44. Kc1 f6 45. g3 Bc6 0-1

[Event "RA Fall op"]
[Site "Ottawa CAN"]
[Date "2004.09.26"]
[Round "4"]
[White "Pacey, Kevin"]
[Black "Gelblum, Robert"]
[Result "1-0"]
[WhiteElo "2219"]
[BlackElo "2150"]
[PlyCount "77"]
[GameId "2160767911069322"]
[EventDate "2004.09.25"]
[EventType "swiss"]
[EventRounds "5"]
[EventCountry "CAN"]

1. d4 Nf6 2. Nf3 g6 3. c4 Bg7 4. g3 O-O 5. Bg2 d5 6. cxd5 Nxd5 7. O-O Nb6 8. Nc3 Nc6 9. e3 Re8 10. Nd2 e5 11. d5 Ne7 12. Qb3 c6 13. e4 cxd5 14. exd5 Nf5 15. a3 Nd4 16. Qa2 f5 17. Nb3 Bd7 18. Nc5 Bc8 19. Rd1 Kh8 20. b4 Qe7 21. d6 Qxd6 22. Nxb7 Qc7 23. Nc5 Rb8 24. Bb2 Be6 25. Nxe6 Nxe6 26. Nb5 Qe7 27. Rac1 Na4 28. Bc6 Nxb2 29. Qxb2 Red8 30. Qe2 e4 31. Bd5 Ng5 32. Rc7 Rd7 33. Rxd7 Qxd7 34. Bxe4 Qe8 35. Nd6 Qa4 36. Bxf5 Qxa3 37. Bg4 Qxb4 38. h4 Rd8 39. hxg5 1-0

[Event "RA February Active"]
[Site "Ottawa CAN"]
[Date "2004.02.22"]
[Round "1"]
[White "Pacey, Kevin"]
[Black "Mai, Lloyd"]
[Result "1-0"]
[WhiteElo "2218"]
[BlackElo "1724"]
[PlyCount "61"]
[GameId "2160767911183721"]
[EventDate "2004.02.22"]
[EventType "swiss (rapid)"]
[EventRounds "4"]
[EventCountry "CAN"]

1. f4 c5 2. Nf3 d5 3. g3 Nc6 4. Bg2 g6 5. O-O Bg7 6. c3 Nh6 7. d3 O-O 8. e4 dxe4 9. dxe4 e5 10. Na3 Bg4 11. Nc4 Qxd1 12. Rxd1 exf4 13. gxf4 b5 14. Ne3 Be6 15. Ng5 b4 16. cxb4 cxb4 17. f5 Bc8 18. e5 Bb7 19. f6 Kh8 20. fxg7+ Kxg7 21. Rd7 Rab8 22. Rxb7 Rxb7 23. Bxc6 Rc7 24. Bd5 Re7 25. e6 f6 26. Nf3 Rd8 27. b3 Ng4 28. Nxg4 Rxd5 29. Bh6+ Kh8 30. Nxf6 Rd8 31. Ng5 1-0

[Event "RA February Active"]
[Site "Ottawa CAN"]
[Date "2004.02.22"]
[Round "2"]
[White "McGraw, Colin"]
[Black "Pacey, Kevin"]
[Result "0-1"]
[WhiteElo "1893"]
[BlackElo "2218"]
[PlyCount "68"]
[GameId "2160767911183722"]
[EventDate "2004.02.22"]
[EventType "swiss (rapid)"]
[EventRounds "4"]
[EventCountry "CAN"]

1. d4 d5 2. c4 e6 3. Nf3 Nf6 4. Nc3 Be7 5. Bg5 O-O 6. e3 Nbd7 7. Rc1 dxc4 8. Bxc4 a6 9. O-O b5 10. Bd3 c5 11. Ne4 c4 12. Bb1 Bb7 13. Nxf6+ Nxf6 14. Re1 Nd5 15. Qc2 g6 16. Bh6 Re8 17. e4 Nf6 18. h3 Rc8 19. Qd2 a5 20. Qf4 Qc7 21. e5 Nh5 22. Qe3 Qd7 23. Ng5 Bf8 24. Ne4 Bxe4 25. Bxe4 Bxh6 26. Qxh6 Qxd4 27. g4 Ng7 28. Rcd1 Qxb2 29. h4 c3 30. h5 c2 31. Rc1 Red8 32. hxg6 fxg6 33. Kg2 Rc4 34. Bxg6 Rxg4+ 0-1

[Event "RA February Active"]
[Site "Ottawa CAN"]
[Date "2004.02.22"]
[Round "3"]
[White "Pacey, Kevin"]
[Black "Nezirovic, Ozren"]
[Result "1-0"]
[WhiteElo "2218"]
[BlackElo "2088"]
[PlyCount "113"]
[GameId "2160767911183723"]
[EventDate "2004.02.22"]
[EventType "swiss (rapid)"]
[EventRounds "4"]
[EventCountry "CAN"]

1. f4 d6 2. Nf3 g6 3. g3 Bg7 4. Bg2 e6 5. O-O Ne7 6. e4 O-O 7. Nc3 c5 8. d3 a6 9. Ng5 h6 10. Nh3 f5 11. Nf2 Nbc6 12. Kh1 b5 13. a3 Rb8 14. g4 Nd4 15. Ne2 a5 16. Nxd4 cxd4 17. gxf5 exf5 18. Bd2 b4 19. axb4 axb4 20. Ra7 Nc6 21. Rxg7+ Kxg7 22. exf5 Ne7 23. fxg6 Nxg6 24. Ne4 Qh4 25. Ng3 Bg4 26. Qe1 Rbe8 27. Qf2 Qf6 28. Ne4 Qh4 29. Qxd4+ Kh7 30. Qxd6 Re6 31. Qxb4 Bh3 32. Ng3 Bxg2+ 33. Kxg2 Qg4 34. f5 Re2+ 35. Kh1 Qxb4 36. Bxb4 Rxf5 37. Nxf5 Rxc2 38. Bc3 h5 39. Ra1 Nf4 40. Ne3 Re2 41. Re1 Rf2 42. Rf1 Nxd3 43. Rxf2 Nxf2+ 44. Kg2 Nd3 45. Kf3 Kg6 46. b4 Kf7 47. Ng2 Nc1 48. Nf4 h4 49. Be1 Kf6 50. Bxh4+ Kf5 51. Be1 Nb3 52. Bc3 Kg5 53. Kg3 Kf5 54. h4 Nc1 55. h5 Kg5 56. b5 Nb3 57. b6 1-0

[Event "RA February Active"]
[Site "Ottawa CAN"]
[Date "2004.02.22"]
[Round "4"]
[White "Gelblum, Robert"]
[Black "Pacey, Kevin"]
[Result "1/2-1/2"]
[WhiteElo "2104"]
[BlackElo "2218"]
[PlyCount "45"]
[GameId "2160767911183724"]
[EventDate "2004.02.22"]
[EventType "swiss (rapid)"]
[EventRounds "4"]
[EventCountry "CAN"]

1. e4 c5 2. Nf3 d6 3. d4 cxd4 4. Nxd4 Nf6 5. Nc3 g6 6. Be3 Bg7 7. f3 O-O 8. Qd2 Nc6 9. O-O-O Be6 10. g4 Ne5 11. h4 Rc8 12. h5 Nxf3 13. Nxf3 Bxg4 14. Be2 Bxh5 15. Bh6 Bxh6 16. Qxh6 Rxc3 17. Ng5 Qa5 18. Bxh5 Rfc8 19. bxc3 Qxc3 20. Rh2 Qa1+ 21. Kd2 Qc3+ 22. Kc1 Qa1+ 23. Kd2 1/2-1/2

[Event "RA Introductory Active"]
[Site "Ottawa CAN"]
[Date "2004.09.02"]
[Round "1"]
[White "Pacey, Kevin"]
[Black "Abt, Michael"]
[Result "1-0"]
[WhiteElo "2204"]
[BlackElo "1740"]
[PlyCount "79"]
[GameId "2160767911077780"]
[EventDate "2004.09.02"]
[EventType "swiss (rapid)"]
[EventRounds "6"]
[EventCountry "CAN"]

1. d4 e6 2. e4 b6 3. Bd3 Bb7 4. c4 d6 5. Nc3 a6 6. Nf3 Be7 7. O-O Nf6 8. d5 exd5 9. cxd5 O-O 10. Nd4 Nfd7 11. b4 Ne5 12. Be3 Bf6 13. Be2 c6 14. dxc6 Nbxc6 15. Nd5 Nd7 16. Nxc6 Bxc6 17. Rc1 Bxd5 18. Qxd5 Be5 19. f4 Bf6 20. Qxd6 Be7 21. Qd2 Nf6 22. Bf3 Qxd2 23. Bxd2 Rfd8 24. Rfd1 Rab8 25. Bc3 Ne8 26. e5 g6 27. Bg4 Nc7 28. Bd7 b5 29. Be1 Na8 30. e6 Nb6 31. Rc6 Kg7 32. Bc3+ f6 33. a3 Na4 34. Bd4 Ra8 35. Rd2 a5 36. Rc7 Kf8 37. Bxb5 axb4 38. axb4 Bxb4 39. Rd3 Ba5 40. e7+ 1-0

[Event "RA Introductory Active"]
[Site "Ottawa CAN"]
[Date "2004.09.02"]
[Round "2"]
[White "Dale, Stephen"]
[Black "Pacey, Kevin"]
[Result "0-1"]
[WhiteElo "1843"]
[BlackElo "2204"]
[PlyCount "72"]
[GameId "2160767911077781"]
[EventDate "2004.09.02"]
[EventType "swiss (rapid)"]
[EventRounds "6"]
[EventCountry "CAN"]

1. d4 Nf6 2. c4 g6 3. Nc3 d5 4. cxd5 Nxd5 5. e4 Nxc3 6. bxc3 Bg7 7. Bc4 O-O 8. Ne2 c5 9. Be3 Nc6 10. O-O Qa5 11. Qb3 Qc7 12. Qd1 Rd8 13. Bf4 Qd7 14. d5 Na5 15. Bd3 e5 16. Be3 b6 17. Rb1 c4 18. Bc2 Qe7 19. Qd2 Nb7 20. Ba4 Nd6 21. f3 f5 22. Bg5 Bf6 23. Bxf6 Qxf6 24. Bc6 Rb8 25. Ng3 f4 26. Ne2 g5 27. g3 Bh3 28. Rf2 Rf8 29. gxf4 gxf4 30. Kh1 Kh8 31. Rg1 Rg8 32. Qe1 Rbf8 33. Nc1 Rxg1+ 34. Qxg1 Rg8 35. Qe1 Qg6 36. Ne2 Bg2+ 0-1

[Event "RA Introductory Active"]
[Site "Ottawa CAN"]
[Date "2004.09.02"]
[Round "3"]
[White "Pacey, Kevin"]
[Black "De Kerpel, Stijn"]
[Result "1-0"]
[WhiteElo "2204"]
[BlackElo "2040"]
[PlyCount "73"]
[GameId "2160767911077782"]
[EventDate "2004.09.02"]
[EventType "swiss (rapid)"]
[EventRounds "6"]
[EventCountry "CAN"]

1. e4 c5 2. Nf3 d6 3. Bb5+ Bd7 4. c4 Bxb5 5. cxb5 g6 6. d4 Nf6 7. Nc3 cxd4 8. Nxd4 Bg7 9. O-O O-O 10. Bg5 Nbd7 11. Qd2 Nb6 12. b3 Rc8 13. f3 h6 14. Be3 Kh7 15. Rac1 e5 16. Nde2 d5 17. Nxd5 Nfxd5 18. Rxc8 Nxc8 19. exd5 f5 20. a4 Re8 21. Rd1 Bf8 22. d6 Bxd6 23. Bxa7 b6 24. b4 Qc7 25. Bxb6 Qxb6+ 26. Kh1 Be7 27. Qd5 Rd8 28. Qf7+ Kh8 29. Rxd8+ Bxd8 30. Qe8+ Kg7 31. Qxe5+ Qf6 32. Qxf6+ Kxf6 33. a5 Ke5 34. b6 Nd6 35. Nc3 Kd4 36. Na4 Kc4 37. a6 1-0

[Event "RA Introductory Active"]
[Site "Ottawa CAN"]
[Date "2004.09.09"]
[Round "4"]
[White "Gelblum, Robert"]
[Black "Pacey, Kevin"]
[Result "1/2-1/2"]
[WhiteElo "2130"]
[BlackElo "2204"]
[PlyCount "58"]
[GameId "2160767911077783"]
[EventDate "2004.09.02"]
[EventType "swiss (rapid)"]
[EventRounds "6"]
[EventCountry "CAN"]

1. e4 e6 2. d4 d5 3. Nd2 c5 4. Ngf3 Nc6 5. Bb5 a6 6. Bxc6+ bxc6 7. O-O cxd4 8. Nxd4 c5 9. Nc6 Qb6 10. exd5 exd5 11. Re1+ Be6 12. Ne5 Nf6 13. c4 Be7 14. Qa4+ Kf8 15. cxd5 Bxd5 16. Nd7+ Nxd7 17. Qxd7 Be6 18. Qa4 Rd8 19. Nf3 Qb5 20. Qf4 Qb4 21. Qc7 Rd7 22. Qc6 Qb7 23. Ne5 Qxc6 24. Nxc6 Bd6 25. Be3 Rc7 26. Na5 Ke7 27. Red1 Be5 28. Nb3 Rhc8 29. Rd2 Bxb3 1/2-1/2

[Event "RA Introductory Active"]
[Site "Ottawa CAN"]
[Date "2004.09.09"]
[Round "5"]
[White "Pacey, Kevin"]
[Black "Patterson, Roger"]
[Result "1-0"]
[WhiteElo "2204"]
[BlackElo "2158"]
[PlyCount "45"]
[GameId "2160767911077784"]
[EventDate "2004.09.02"]
[EventType "swiss (rapid)"]
[EventRounds "6"]
[EventCountry "CAN"]

1. e4 c5 2. Nf3 d6 3. Bb5+ Bd7 4. c4 Nf6 5. Nc3 Nc6 6. d4 cxd4 7. Nxd4 g6 8. O-O Bg7 9. h3 O-O 10. Be3 Rc8 11. Nxc6 Bxc6 12. Bxc6 Rxc6 13. b3 a6 14. Qd3 e6 15. Rad1 Qc7 16. Bf4 Rd8 17. e5 Ne8 18. exd6 Qd7 19. Rfe1 f6 20. Bh2 e5 21. Qd5+ Kf8 22. c5 Nxd6 23. Ne4 1-0

[Event "RA Introductory Active"]
[Site "Ottawa CAN"]
[Date "2004.09.09"]
[Round "6"]
[White "Nezirovic, Ozren"]
[Black "Pacey, Kevin"]
[Result "1/2-1/2"]
[WhiteElo "2074"]
[BlackElo "2204"]
[PlyCount "81"]
[GameId "2160767911077785"]
[EventDate "2004.09.02"]
[EventType "swiss (rapid)"]
[EventRounds "6"]
[EventCountry "CAN"]

1. e4 e6 2. d4 d5 3. Nc3 Nf6 4. e5 Nfd7 5. f4 c5 6. Nce2 Nc6 7. c3 cxd4 8. Nxd4 Nxd4 9. cxd4 Nb6 10. Nf3 Be7 11. Bd3 Bd7 12. O-O Rc8 13. Ng5 g6 14. Qe2 Nc4 15. b3 Na3 16. Bb2 Qb6 17. Nf3 a6 18. Rac1 O-O 19. Ng5 Bb5 20. Bxb5 Nxb5 21. Nf3 Na7 22. g4 Rxc1 23. Rxc1 Rc8 24. Rxc8+ Nxc8 25. Qc2 Na7 26. f5 Nc6 27. f6 Bf8 28. Qd2 Qa5 29. Bc3 Qa3 30. Kf2 a5 31. Ne1 Nb4 32. Bxb4 Bxb4 33. Qc2 Bxe1+ 34. Kxe1 h5 35. gxh5 Qb4+ 36. Qd2 gxh5 37. a3 Qxd2+ 38. Kxd2 Kh7 39. Ke3 Kg6 40. Kf4 Kh6 41. a4 1/2-1/2

[Event "RA September Active"]
[Site "Ottawa CAN"]
[Date "2004.09.12"]
[Round "1"]
[White "Szalay, Karoly"]
[Black "Pacey, Kevin"]
[Result "0-1"]
[WhiteElo "1541"]
[BlackElo "2204"]
[PlyCount "108"]
[GameId "2160767911069331"]
[EventDate "2004.09.12"]
[EventType "swiss (rapid)"]
[EventRounds "4"]
[EventCountry "CAN"]

1. e4 e5 2. Nf3 Nc6 3. Bb5 a6 4. Ba4 Nf6 5. Nc3 b5 6. Bb3 Bc5 7. O-O d6 8. d3 h6 9. Be3 Bxe3 10. fxe3 O-O 11. Qd2 Na5 12. Rfe1 Nxb3 13. axb3 Bg4 14. Rf1 c6 15. Ne2 Bxf3 16. Rxf3 d5 17. Ng3 dxe4 18. Rff1 exd3 19. cxd3 e4 20. d4 c5 21. Rfd1 cxd4 22. Qxd4 Qxd4 23. Rxd4 Rfd8 24. Rxd8+ Rxd8 25. Rxa6 Rd1+ 26. Kf2 Rd2+ 27. Kf1 Rxb2 28. Nf5 Ng4 29. h3 Rf2+ 30. Kg1 Rxf5 31. hxg4 Rd5 32. Rb6 h5 33. gxh5 Rxh5 34. Kf2 Rf5+ 35. Kg3 Kf8 36. Kh4 Ke7 37. g4 Rf3 38. Rxb5 Rxe3 39. Kg5 Re1 40. Kf4 f6 41. g5 fxg5+ 42. Rxg5 Kf6 43. Rg3 g5+ 44. Kg4 Rf1 45. Re3 Rf4+ 46. Kg3 Ke5 47. b4 Kd4 48. Re1 e3 49. b5 Kd3 50. Rb1 e2 51. Kg2 Rf6 52. Kg1 g4 53. Kg2 g3 54. Kg1 Rb6 0-1

[Event "RA September Active"]
[Site "Ottawa CAN"]
[Date "2004.09.12"]
[Round "2"]
[White "Pacey, Kevin"]
[Black "Yao, Sammy"]
[Result "1/2-1/2"]
[WhiteElo "2204"]
[BlackElo "1828"]
[PlyCount "65"]
[GameId "2160767911069332"]
[EventDate "2004.09.12"]
[EventType "swiss (rapid)"]
[EventRounds "4"]
[EventCountry "CAN"]

1. e4 d6 2. d4 Nf6 3. Nc3 g6 4. f4 Bg7 5. Nf3 c5 6. dxc5 Qa5 7. Bd3 Qxc5 8. Qe2 O-O 9. Be3 Qa5 10. O-O Bg4 11. h3 Bxf3 12. Qxf3 Nc6 13. a3 Rac8 14. Kh1 Rfd8 15. g4 Nd7 16. Bd2 Nd4 17. Qg2 Re8 18. Rf2 a6 19. Raf1 Qd8 20. g5 Nc5 21. f5 e6 22. f6 Bf8 23. Be3 Nc6 24. Rd2 Ne5 25. h4 h5 26. gxh6 Kh7 27. Qg5 b5 28. h5 Qc7 29. Rg1 Red8 30. hxg6+ fxg6 31. Bf4 Qf7 32. Be2 Ncd7 33. Rf1 1/2-1/2

[Event "RA September Active"]
[Site "Ottawa CAN"]
[Date "2004.09.12"]
[Round "3"]
[White "Mor, Shai"]
[Black "Pacey, Kevin"]
[Result "0-1"]
[WhiteElo "1287"]
[BlackElo "2204"]
[PlyCount "90"]
[GameId "2160767911069333"]
[EventDate "2004.09.12"]
[EventType "swiss (rapid)"]
[EventRounds "4"]
[EventCountry "CAN"]

1. e4 c5 2. c4 Nc6 3. Nc3 d6 4. Nf3 Bg4 5. Be2 g6 6. Nd5 Bg7 7. Ne3 Bxf3 8. Bxf3 Nf6 9. O-O Nd4 10. Nc2 Nxf3+ 11. Qxf3 Nd7 12. Rb1 Ne5 13. Qe2 Nc6 14. Rd1 O-O 15. b4 b6 16. b5 Nd4 17. Nxd4 cxd4 18. Bb2 e5 19. Rf1 f5 20. f4 Qd7 21. exf5 gxf5 22. fxe5 dxe5 23. d3 Rae8 24. Ba3 Rf7 25. Kh1 Kh8 26. Qh5 Qe6 27. Rbe1 Qg6 28. g4 Qxh5 29. gxh5 Bf8 30. Bxf8 Rfxf8 31. Kg2 Kg7 32. Rg1 e4 33. Kf2+ Kh6 34. Ke2 Rg8 35. dxe4 fxe4 36. Rxg8 Rxg8 37. Rf1 Rg2+ 38. Rf2 Rxf2+ 39. Kxf2 Kg5 40. Ke2 Kf4 41. a4 d3+ 42. Kd2 Kf3 43. a5 e3+ 44. Kxd3 e2 45. axb6 axb6 0-1